| 000 | 00571cam a2200217ua 4500 | ||
|---|---|---|---|
| 001 | 6361 | ||
| 008 | 131204n ii |||gr||||Z||||||eng | ||
| 020 | _a81-7096-691-4 | ||
| 040 | _cMAIN | ||
| 082 | _a658.1511 | ||
| 245 |
_aManagement accounting _cBy R.K. Sharma |
||
| 250 | _a6th rev. & enlarged ed. | ||
| 260 |
_aLudhiana: _bKalyani publishers, _c1994. |
||
| 300 | _ax,1239p. | ||
| 653 | _aCommerce | ||
| 653 | _aManagement accounting | ||
| 653 | _aManagement accounting | ||
| 700 |
_aSharma,R.K., _eAuthor., |
||
| 700 | 1 |
_aGupta,Shashi K., _eAuthor. |
|
| 942 | _cBK | ||
| 999 |
_c5512 _d5512 |
||